Statistiche per Tutti i Giocatori Della Raimon di Inazuma Eleven

Clicka qui per fare il quiz!

Statistiche generali

  • Questo quiz è stato fatto 89 volte
  • Il punteggio medio è 23 su 34

Statistiche sulle risposte

RuoloSessoQuando Entra Nella SquadraIndizioRisposta% Corretto
PortiereMPrima StagioneUndici OriginaliMark Evans
100%
AttaccanteMPrima StagioneSubentra nella primissima partitaAxel Blaze
95%
CentrocampistaMPrima StagioneStrategaJude Sharp
95%
DifensoreMPrima StagioneUndici OriginaliJack Wallside
90%
PortiereMSeconda StagioneSecondo PortiereDarren LaChance
89%
DifensoreMPrima StagioneUndici OriginaliNathan Swift
87%
AttaccanteMSeconda StagioneBipolarismoShawn Froste
85%
AttaccanteMPrima StagioneUndici OriginaliKevin Dragonfly
84%
DifensoreMPrima StagioneSpia della Royal AcademyBob Shearer
82%
DifensoreMPrima StagioneUndici OriginaliTod Ironside
82%
CentrocampistaMPrima StagioneIl mago del palloneErik Eagle
79%
DifensoreMSeconda Stagioneè una pesteScott Banyan
77%
AttaccanteMSeconda StagioneLetteralmente è un DioByron Love
76%
AttaccanteMFilm Ogreè AlienoXavier Foster
71%
DifensoreMSeconda StagioneSurferHurley Kane
68%
CentrocampistaFSeconda StagioneLa Figlia del PresidenteVictoria Vanguard
68%
ManagerFPrima StagioneFiglia presideNelly Raimon
66%
AttaccanteMFilm Ogreè ItalianoPaolo Bianchi
66%
ManagerFPrima StagioneLa PrimaSilvia Woods
66%
DifensoreMPrima StagioneUndici OriginaliJim Wraith
65%
CentrocampistaMPrima StagioneUndici OriginaliSam Kincaid
65%
AttaccanteMPrima StagioneUndici OriginaliMaxwell Carson
63%
CentrocampistaMPrima StagioneUndici OriginaliSteve Grim
63%
ManagerFPrima StagioneSorella di JudeCelia Hills
61%
AttaccanteFSeconda StagioneAmoruccio!!Suzette Hartland
55%
AttaccanteMPrima StagioneUndici OriginaliWilliam Glass
55%
AllenatoreFSeconda StagioneNeo JapanAquilina Schiller
53%
AttaccanteMFilm OgrePronipoteCanon Evans
53%
AttaccanteMFilm OgreGiovane AttaccanteAustin Hobbes
50%
AttaccanteMSeconda StagioneAll'inizio Doveva essere al posto di Axel; (Oscuro)Shadow Cimmerian
50%
CentrocampistaMPrima StagioneUndici OriginaliTim Saunders
50%
AllenatoreMPrima StagioneRamenSeymour Hillman
48%
DifensoreMSeconda Stagione/Film OgreDalla StradaArcher Hawkins
44%
AllenatoreMPrima StagionePreside CorrottoFrank Wintersea
31%

Distribuzione punteggi

Percentile per numero di risposta

Percentuale di utenti per punteggio

I tuoi punteggi nel tempo

Non hai fatto questo quiz